Israel at the crossroads : (Record no. 9324)
[ view plain ]
| 000 -LEADER | |
|---|---|
| fixed length control field | 01075pam a2200313 a 4500 |
| 001 - CONTROL NUMBER | |
| control field | 37608210 |
| 003 - CONTROL NUMBER IDENTIFIER | |
| control field | OCoLC |
| 005 - DATE AND TIME OF LATEST TRANSACTION | |
| control field | 20210112154339.0 |
| 008 - FIXED-LENGTH DATA ELEMENTS--GENERAL INFORMATION | |
| fixed length control field | 970904r19981991miub b 001 0 eng |
| 010 ## - LIBRARY OF CONGRESS CONTROL NUMBER | |
| LC control number | 97036371 |
| 020 ## - INTERNATIONAL STANDARD BOOK NUMBER | |
| International Standard Book Number | 0800756584 (pbk.) |
| 040 ## - CATALOGING SOURCE | |
| Original cataloging agency | DLC |
| Transcribing agency | DLC |
| 043 ## - GEOGRAPHIC AREA CODE | |
| Geographic area code | a-is--- |
| -- | n-us--- |
| 092 ## - LOCALLY ASSIGNED DEWEY CALL NUMBER (OCLC) | |
| Classification number | 956 |
| Item number | D659I |
| 100 1# - MAIN ENTRY--PERSONAL NAME | |
| Personal name | Dolan, David |
| Fuller form of name | (David P.) |
| 240 10 - UNIFORM TITLE | |
| Uniform title | Holy war for the promised land |
| 245 10 - TITLE STATEMENT | |
| Title | Israel at the crossroads : |
| Remainder of title | fifty years and counting / |
| Statement of responsibility, etc. | David Dolan |
| 260 ## - PUBLICATION, DISTRIBUTION, ETC. | |
| Place of publication, distribution, etc. | Grand Rapids, Mich. : |
| Name of publisher, distributor, etc. | Fleming H. Revell, |
| Date of publication, distribution, etc. | c1998 |
| 300 ## - PHYSICAL DESCRIPTION | |
| Extent | 299 p. : |
| Other physical details | maps ; |
| Dimensions | 22 cm |
| 500 ## - GENERAL NOTE | |
| General note | Previously published: Holy war for the promised land. Nashville : Thomas Nelson, c1991 |
| 504 ## - BIBLIOGRAPHY, ETC. NOTE | |
| Bibliography, etc. note | Includes bibliographical references (p. 287-292) and index |
| 600 10 - SUBJECT ADDED ENTRY--PERSONAL NAME | |
| Personal name | Dolan, David |
| Fuller form of name | (David P.) |
| General subdivision | Travel |
| Geographic subdivision | Israel |
| 650 #0 - SUBJECT ADDED ENTRY--TOPICAL TERM | |
| Topical term or geographic name entry element | Arab-Israeli conflict |
| Chronological subdivision | 1973-1993 |
| 650 #0 - SUBJECT ADDED ENTRY--TOPICAL TERM | |
| Topical term or geographic name entry element | Zionism |
| General subdivision | History |
| 650 #0 - SUBJECT ADDED ENTRY--TOPICAL TERM | |
| Topical term or geographic name entry element | Radio journalists |
| Geographic subdivision | United States |
| General subdivision | Biography |
| 651 #0 - SUBJECT ADDED ENTRY--GEOGRAPHIC NAME | |
| Geographic name | Israel |
| General subdivision | History |
| 651 #0 - SUBJECT ADDED ENTRY--GEOGRAPHIC NAME | |
| Geographic name | Israel |
| General subdivision | Description and travel |
| 942 ## - ADDED ENTRY ELEMENTS (KOHA) | |
| Source of classification or shelving scheme | Dewey Decimal Classification |
| Koha item type | Books |
| Withdrawn status | Lost status | Source of classification or shelving scheme | Damaged status | Not for loan | Collection code | Home library | Current library | Shelving location | Date acquired | Total Checkouts | Full call number | Barcode | Date last seen | Price effective from | Koha item type |
|---|---|---|---|---|---|---|---|---|---|---|---|---|---|---|---|
| Dewey Decimal Classification | Non-fiction | Harvest Mission College | Harvest Mission College | General Stacks | 20.01.2021 | 956 D659I | 010631 | 20.01.2021 | 20.01.2021 | Books | |||||
| Dewey Decimal Classification | Non-fiction | Harvest Mission College | Harvest Mission College | General Stacks | 25.01.2021 | 956 D659I | 010878 | 25.01.2021 | 25.01.2021 | Books |
